| Tag |
First Indicator |
Second Indicator |
Subfields |
| LEADER |
00000cam a22000004a 4500 |
| 001 |
in00001690513 |
| 005 |
20151024132045.0 |
| 008 |
011220s2002 ncu b 001 0 eng |
| 010 |
|
|
|a 2001008468
|
| 020 |
|
|
|a 0786413719 (pbk. : alk. paper)
|
| 035 |
|
|
|a (OCoLC)ocm48754742
|
| 040 |
|
|
|a DLC
|c DLC
|d UtOrBLW
|
| 042 |
|
|
|a pcc
|
| 043 |
|
|
|a n-us---
|
| 049 |
|
|
|a TXAM
|
| 050 |
0 |
0 |
|a PN4853
|b .A48 2002
|
| 082 |
0 |
0 |
|a 071/.3
|2 21
|
| 245 |
0 |
0 |
|a American journalism :
|b history, principles, practices /
|c edited by W. David Sloan and Lisa Mullikin Parcell.
|
| 264 |
|
1 |
|a Jefferson, N.C. :
|b McFarland & Co.,
|c [2002]
|
| 264 |
|
4 |
|c ©2002
|
| 300 |
|
|
|a vi, 378 pages ;
|c 26 cm.
|
| 336 |
|
|
|a text
|b txt
|2 rdacontent
|
| 337 |
|
|
|a unmediated
|b n
|2 rdamedia
|
| 338 |
|
|
|a volume
|b nc
|2 rdacarrier
|
| 504 |
|
|
|a Includes bibliographical references and index.
|
| 505 |
0 |
|
|a 1. The purposes of journalism -- 2. Politics and partisanship -- 3. The press and government -- 4. Concepts of news -- 5. Ethics -- 6. Press criticism -- 7. Characteristics of journalists -- 8. Training and education of journalists -- 9. Women in journalism -- 10. Publishers -- 11. Economics, business, and financial motivations -- 12. Mergers, chains, monopoly, and competition -- 13. Freedom of the press -- 14. Press rights and laws -- 15. News gathering -- 16. Cooperative news gathering -- 17. Coverage of Washington -- 18. The press and U.S. presidents -- 19. Coverage of political campaigns -- 20. Coverage of crime -- 21. Coverage of sports -- 22. Investigative journalism -- 23. Reform journalism, exposés, and crusading -- 24. The press and war -- 25. War coverage -- 26. Foreign correspondence -- 27. Objectivity -- 28. Sensationalism and tabloidism -- 29. Radio journalism -- 30. Television news -- 31. News writing structure and style -- 32. Editorial writing -- 33. Newspaper design -- 34. Newspaper illustrations -- 35. Photojournalism -- 36. Cartoons, comics, and caricature -- 37. Technologies of news gathering and transmission -- 38. Printing technologies.
|
| 650 |
|
0 |
|a Journalism
|z United States.
|
| 700 |
1 |
|
|a Sloan, W. David
|q (William David),
|d 1947-
|
| 700 |
1 |
|
|a Parcell, Lisa Mullikin.
|
| 945 |
|
|
|i PromptCat
|
| 948 |
|
|
|a cataloged
|b h
|c 2002/5/31
|d c
|e dmitchel
|f 1:20:20 pm
|
| 994 |
|
|
|a 92
|b TXA
|
| 999 |
|
|
|a MARS
|
| 999 |
f |
f |
|s 2252dc27-52c7-38c3-be00-a51fb9a5bc3c
|i e3955839-d464-3910-924c-05da45dfd9d0
|t 0
|
| 952 |
f |
f |
|p normal
|a Texas A&M University
|b College Station
|c Sterling C. Evans Library
|d Evans: Library Stacks
|t 0
|e PN4853 .A48 2002
|h Library of Congress classification
|i unmediated -- volume
|m A14828932927
|
| 998 |
f |
f |
|a PN4853 .A48 2002
|t 0
|l Evans: Library Stacks
|